000
00319nam a22001457a 4500
008
240126b ||||| |||| 00| 0 eng d
020
_a
0813312485
041
_a
eng
080
_2
1991
_a
32
082
_a
32BAR
100
_a
32
101
_a
JUR
245
_a
FEMINIST LEGAL THEORY
_c
KATHARINE T.B
942
_2
udc
_c
BK
999
_c
60556
_d
60556